Nilambar-Pitambar: (Record no. 20361)

MARC details
000 -LEADER
fixed length control field 00882nam a22002417a 4500
008 - FIXED-LENGTH DATA ELEMENTS--GENERAL INFORMATION
fixed length control field 081230t xxu||||| |||| 00| 0 eng d
010 ## - LCCN (DPL NO)
LC control number ENG-92282
020 ## - INTERNATIONAL STANDARD BOOK NUMBER
International Standard Book Number 8188492523
Terms of availability 200.00
020 ## - INTERNATIONAL STANDARD BOOK NUMBER
International Standard Book Number 9788188492527
Terms of availability 200.00
035 ## - SYSTEM CONTROL NUMBER
System control number EN-75815
037 ## - SOURCE OF ACQUISITION
Source of stock number/acquisition DBAD / PUB
040 ## - CATALOGING SOURCE
Original cataloging agency dpl
Language of cataloging English
082 ## - DEWEY DECIMAL CLASSIFICATION NUMBER
Classification number 881
100 ## - MAIN ENTRY--PERSONAL NAME
Personal name Sharan, N.N.
245 ## - TITLE STATEMENT
Title Nilambar-Pitambar:
Statement of responsibility, etc by N.N. Sharan
Remainder of title (the heroes of 1857 in Palamau)
246 ## - VARYING FORM OF TITLE
Title proper/short title Nilambar-Pitambar (long poem):
Remainder of title (the heroes of 1857 in Palamau)
260 ## - PUBLICATION, DISTRIBUTION, ETC. (IMPRINT)
Place of publication, distribution, etc Agra
Name of publisher, distributor, etc Arvind Prakashan
Date of publication, distribution, etc 2007
270 ## - ADDRESS
Address 15/131, Soron Katra, Shahganj
City Agra
Postal code 10
300 ## - PHYSICAL DESCRIPTION
Extent 181p.
Dimensions 19cm (pbk)
650 ## - SUBJECT ADDED ENTRY--TOPICAL TERM
Topical term or geographic name as entry element Patriotic poetry, English.
942 ## - ADDED ENTRY ELEMENTS (KOHA)
Source of classification or shelving scheme Dewey Decimal Classification
Item type English Books
Call number suffix SHA
Classification part 881
Holdings
Withdrawn status Lost status Source of classification or shelving scheme Damaged status Not for loan Collection code Home library Current library Date acquired Source of acquisition Cost, normal purchase price Total Checkouts Full call number Barcode Date last seen Copy number Cost, replacement price Koha item type
    Dewey Decimal Classification   Not For Loan Non-fiction D.B.Act.Division D.B.Act.Division 30/12/2008 DBAD / PUB 200.00   881 SHA EN-75815 30/12/2008 1 200.00 English Books

© Delhi Public Library
Hit Counter
free hit counter